01576nam a2200337 a 4500001001000000003000900010005001700019007000300036008004100039020001500080020001800095040002500113082002100138245010400159260007700263300004700340490005800387500009000445504007400535504002900609590002700638650006900665650006200734650007500796830006500871910003700936942001400973952011500987952012101102999001501223000004839DO-SdBNP20220901094926.0ta090727s2001 dr d 000 0 spa d a999348041X a9789993480419 aDO-SdBNPbspacBNPHU 4a362.5bP221c22200aPara combatir la pobreza la sociedad civil se articula /cBenjamín González Buelta ... [et al.] aSanto Domingo :bCentro de Estudios Sociales Padre Juan Montalvo,c2001. a309 p. :bil, cuadros, gráfcs.;c23 cm.1 aCentro de Estudios Sociales Padre Juan Montalvo ;v21 aEste libro recoge las conclusiones del Seminario y las ponencias presentadas en él. aIncluye referencias bibliográficas y notas al pie de las páginas. aBibliografía: p. 56-58 aInventariado, 2022/MFF 4aPobreza 914042zAmérica LatinavCongresos, conferencias, etc. 4aParticipación política914044zRepública Dominicana 4aSociedad civilzAmérica LatinavCongresos, conferencias, etc.982301 0aCentro de Estudios Sociales Padre Juan Montalvo ;v21914045 aValidado. Control de calidad MFF 2ddccLBS1 00102ddc51708PDaBNPHUbBNPHUcHDd2009-07-27oBNPHU PD 362.5 P221cp4839-10r2020-06-25w2020-06-25yLBS1 00102ddc51708PDaBNPHUbBNPHUcHDd2009-07-27oBNPHU PD 362.5 P221cp4839-20r2020-06-25te. 2w2020-06-25yLBS1 c4645d4645